Endangered Species A-Z - Statistics

General Stats
  • This quiz has been taken 57 times
  • The average score is 15 of 23
Answer Stats
# Clue Species % Correct
C Humans' closest relative, along with the bonobo. Chimpanzee
96%
A Barrel-shaped animals covered with natural armour. Armadillo
91%
E Snake-like, catadromous fish, known to be slimy. Eel
91%
T The largest known species of feline. Tiger
91%
Z Animal renowned for its stripes. Zebra
91%
R African mammal mostly hunted for their horn. Rhinoceros
87%
V Bird of prey that scavenges on carrion. Vulture
87%
G Species of tortoise native to a group of Ecuadorian islands Galapagos Tortoise
85%
S The slowest animal on Earth. Sloth
85%
M Aquatic marine mammal known as 'the sea cow'. Manatee
83%
H Bird weighing about 2 grams endemic to the Americas. Hummingbird
74%
O Medium-sized spotted wild cat similar to leopards native to the Americas. Ocelot
74%
B Two humped camel living in Mongolia and China. Bactrian
66%
P 'Scaly anteaters' known for rolling into a ball when in danger. Pangolin
62%
W Short-legged, quadrupedal marsupials native to Australia. Wombat
60%
K Intelligent aquatic mammal weighing about 3 tonnes on average. Killer Whale
57%
Q Herbivorous nocturnal small macropod found in Western Australia. Quokka
49%
F Largest mammalian carnivore on Madagascar, compared to a small cougar. Fossa
47%
N Australian marsupial commonly referred to as the 'banded anteater'. Numbat
45%
D Wild dogs native to parts of Asia, typically having red fur. Dhole
38%
I Largest species of lemur, also known as 'the babakoto'. Indri
38%
U Wild sheep with curved horns, also known as shapo. Urial
21%
L Freshwater vertebrate which first evolved about 300 million years ago. Lungfish
19%
No matching quizzes found
Score Distribution
Percent of People with Each Score
Percentile by Number Answered
Your Score History
You have not taken this quiz